000 00647nam a2200193 4500
001 144982
003 ES-MaACL
005 20230906201135.0
007 t|
008 070214s1971 sp r ||||1| spa d
245 0 3 _aLa sociedad del año 2000.
260 _aMadrid :
_bCentro de Estudios Sociales del Valle de los Caídos,
_c1971.
300 _aXXXVII, 235 p. :
_bil. ;
_c22 cm.
490 1 _aAnales de moral social y económica ;
_v26
710 2 _aCentro de Estudios Sociales del Valle de los Caídos.
_92674
830 0 _aAnales de moral social y económica ;
_v26
_9182660
852 _aES-MaACL
_jC-38594
_bR.79024
999 _c144982
_d144982